El drenaje linfático del rostro : (Registro nro. 48950)

Detalles MARC
000 -LEADER
fixed length control field 01116nam a22001937a 4500
003 - CONTROL NUMBER IDENTIFIER
control field CO-CtgCURN
005 - DATE AND TIME OF LATEST TRANSACTION
control field 20250604185503.0
008 - FIXED-LENGTH DATA ELEMENTS--GENERAL INFORMATION
fixed length control field 250604b |||||||| |||| 00| 0 eng d
020 ## - INTERNATIONAL STANDARD BOOK NUMBER
International Standard Book Number 8485397169 (ISBM)
040 ## - CATALOGING SOURCE
Original cataloging agency CO-CtgCURN
Language of cataloging spa
Transcribing agency coctgcurn
082 ## - DEWEY DECIMAL CLASSIFICATION NUMBER
Classification number 646.726
Item number P615d
100 ## - MAIN ENTRY--PERSONAL NAME
Personal name Pierantoni, Humbert.
Relator term Autor.
245 ## - TITLE STATEMENT
Title El drenaje linfático del rostro :
Remainder of title Manual practico de tratamientos esteticos /
Statement of responsibility, etc. Humbert Pierantoni.
260 ## - PUBLICATION, DISTRIBUTION, ETC.
Place of publication, distribution, etc. Barcelona :
Name of publisher, distributor, etc. Les Nouvelles Esthetiques,
Date of publication, distribution, etc. 1997.
300 ## - PHYSICAL DESCRIPTION
Extent 38 páginas.
Other physical details ilustraciones,
Dimensions 29 cm.
500 ## - GENERAL NOTE
General note Contenido.
505 ## - FORMATTED CONTENTS NOTE
Formatted contents note La linfa y el líquido intersticial.--La formación de la linfa, los linfocitos.--La circulación linfática.--Los ganglios linfáticos.--Esquema del sistema linfática facial.--La linfa del rostro.--Topografía de los ganglios faciales.--Topografía de la red linfática del rostro.--La corriente linfática.--Como practicar el drenaje linfático del rostro.--Maniobras de drenaje linfático con fines estéticos.--La maniobra de llamada o de retorno.
942 ## - ADDED ENTRY ELEMENTS (KOHA)
Source of classification or shelving scheme Dewey Decimal Classification
Koha item type Libros
Classification part 646.726
Item part P615d
Suppress in OPAC No
Existencias
Withdrawn status Lost status Source of classification or shelving scheme Damaged status Not for loan Collection Home library Current library Shelving location Date acquired Inventory number Total checkouts Full call number Barcode Date last seen Price effective from Koha item type Public note
    Dewey Decimal Classification     General Miguel Henríquez Emiliani Miguel Henríquez Emiliani General 06/04/2025 013389   646.726 P615d 013389 06/04/2025 06/04/2025 Libros 640-ECODOM